000 00401nam a2200157Ia 4500
008 230917s9999||||xx |||||||||||||| ||und||
040 _e132726
_aMAIN
041 _aEnglish
082 _a658.3 M113H
100 _aMabey, Chirstopher
245 0 _aHuman resource management: A strategic introduction
250 _a2nd ed.
260 _aLondon
_bBlack well
_c1998
300 _a590 p.
942 _cBK
999 _c102116
_d102116